000 00247nam a2200109Ia 4500
008 190914s9999||||xx |||||||||||||| ||und||
100 _aRichard L. Daft
245 0 _aManagement
260 _aNew Delhi
_bPrentice
_c1999
300 _a612
942 _cBK
999 _c8788
_d8788